[Event "Torredembarra op 24th"]
[Site "Torredembarra"]
[Date "2024.07.07"]
[Round "9"]
[White "Bernado Lopez, Roger"]
[Black "Jimenez Munoz, Nicolas"]
[Result "1/2-1/2"]
[WhiteElo "2155"]
[BlackElo "2070"]
[PlyCount "62"]
[EventDate "2024.06.29"]
[EventType "swiss"]
[EventRounds "9"]
[EventCountry "ESP"]
[SourceTitle "CBM 221 Extra"]
[Source "ChessBase"]
[SourceDate "2024.09.30"]
[SourceVersion "1"]
[SourceVersionDate "2024.09.30"]
[SourceQuality "1"]

1. e4 c5 2. Nf3 d6 3. d4 Nf6 4. Bb5+ Bd7 5. Bxd7+ Qxd7 6. dxc5 Nxe4 7. cxd6 Nxd6 8. 0-0 Nc6 9. Nc3 g6 10. Bf4 Bg7 11. Bxd6 Qxd6 12. Qxd6 exd6 13. Nd5 0-0 14. c3 Rad8 15. Rfe1 Rfe8 16. Rad1 Ne5 17. Nxe5 dxe5 18. g4 f6 19. Kg2 Kf7 20. h4 Rd7 21. c4 f5 22. gxf5 gxf5 23. b3 Bh6 24. f3 Rd6 25. a4 Rg6+ 26. Kf2 Reg8 27. Rg1 Rxg1 28. Rxg1 Rxg1 29. Kxg1 Ke6 30. Kf2 e4 31. f4 Bf8 1/2-1/2

[Event "Torredembarra op 24th"]
[Site "Torredembarra"]
[Date "2024.07.06"]
[Round "8"]
[White "Pogorelov, Ruslan"]
[Black "Jimenez Munoz, Nicolas"]
[Result "1-0"]
[WhiteElo "2273"]
[BlackElo "2070"]
[PlyCount "87"]
[EventDate "2024.06.29"]
[EventType "swiss"]
[EventRounds "9"]
[EventCountry "ESP"]
[SourceTitle "CBM 221 Extra"]
[Source "ChessBase"]
[SourceDate "2024.09.30"]
[SourceVersion "1"]
[SourceVersionDate "2024.09.30"]
[SourceQuality "1"]

1. Nf3 c5 2. c4 Nc6 3. d4 cxd4 4. Nxd4 Nf6 5. Nc3 g6 6. e4 Bg7 7. Be3 d6 8. Be2 0-0 9. 0-0 Bd7 10. Qd2 Nxd4 11. Bxd4 Bc6 12. f3 a5 13. b3 Nd7 14. Be3 Nc5 15. Rab1 Be5 16. Nd5 e6 17. Nf4 Qe7 18. Rbd1 Rfd8 19. Qe1 h6 20. Nd3 Nxd3 21. Bxd3 Qf6 22. f4 Bc3 23. Qg3 a4 24. f5 axb3 25. axb3 Kg7 26. fxg6 Qxg6 27. Qh3 Be5 28. Bxh6+ Qxh6 29. Rxf7+ Kxf7 30. Qxh6 Rh8 31. Rf1+ Ke7 32. Qg5+ Kd7 33. Rf7+ Kc8 34. Qe7 Bxh2+ 35. Kf2 Ra2+ 36. Kf3 Kb8 37. g3 Ka7 38. Rf8 Rxf8+ 39. Qxf8 Rb2 40. Qxd6 Rxb3 41. Qd4+ Ka6 42. Kg2 Bxg3 43. Kxg3 e5 44. Qd6 1-0

[Event "ESP-ch U18"]
[Site "Salobrena"]
[Date "2023.08.04"]
[Round "8"]
[White "Jimenez Munoz, Nicolas"]
[Black "Zubizarreta Landera, Amets"]
[Result "1-0"]
[WhiteElo "2204"]
[BlackElo "2077"]
[PlyCount "73"]
[EventDate "2023.07.31"]
[EventType "swiss"]
[EventRounds "9"]
[EventCountry "ESP"]
[SourceTitle "CBM 215 Extra"]
[Source "ChessBase"]
[SourceDate "2023.09.30"]
[SourceVersion "1"]
[SourceVersionDate "2023.09.30"]
[SourceQuality "1"]

1. e4 c5 2. Nf3 d6 3. Bb5+ Bd7 4. Bxd7+ Qxd7 5. c4 Nc6 6. Nc3 Nf6 7. d4 cxd4 8. Nxd4 g6 9. f3 Bg7 10. Be3 0-0 11. 0-0 a6 12. a4 e6 13. Qd2 Ne5 14. b3 Rfd8 15. Rfd1 b6 16. Rac1 Rac8 17. h3 Qb7 18. Nde2 Nc6 19. Bg5 Rd7 20. Kh1 Ne8 21. f4 h6 22. Bh4 Nf6 23. Qe3 Ne8 24. Rf1 Kh7 25. Rcd1 Bf6 26. Bxf6 Nxf6 27. Nd4 Kg7 28. f5 Nxd4 29. Qxd4 e5 30. Qe3 b5 31. fxg6 fxg6 32. Rxf6 Kxf6 33. Qxh6 Kf7 34. Qh7+ Kf8 35. Rf1+ Rf7 36. Qh8+ Ke7 37. Rxf7+ 1-0

[Event "Barcelona Sant Marti op-A 23rd"]
[Site "Barcelona"]
[Date "2023.07.19"]
[Round "7"]
[White "Jimenez Munoz, Nicolas"]
[Black "Serrano Batova, Vicent"]
[Result "1/2-1/2"]
[WhiteElo "2204"]
[BlackElo "2061"]
[PlyCount "67"]
[EventDate "2023.07.13"]
[EventType "swiss"]
[EventRounds "9"]
[EventCountry "ESP"]
[SourceTitle "CBM 215 Extra"]
[Source "ChessBase"]
[SourceDate "2023.09.30"]
[SourceVersion "1"]
[SourceVersionDate "2023.09.30"]
[SourceQuality "1"]

1. e4 c5 2. Nf3 Nc6 3. Bb5 g6 4. 0-0 Bg7 5. c3 Nf6 6. Re1 0-0 7. h3 a6 8. Bf1 e5 9. d4 exd4 10. cxd4 d5 11. e5 Nd7 12. Bg5 Qa5 13. Nc3 cxd4 14. Nxd4 Ndxe5 15. Nb3 Qc7 16. Nxd5 Qb8 17. Nb6 Be6 18. f4 Qa7 19. fxe5 Qxb6+ 20. Kh1 Bxb3 21. axb3 Nxe5 22. Qd5 Nc6 23. Bc4 Qd4 24. Rf1 Qxd5 25. Bxd5 h6 26. Bf6 Bxf6 27. Rxf6 Kg7 28. Raf1 Nd8 29. Rd6 Rc8 30. Rd7 Rc2 31. Re1 Rxb2 32. Ree7 Rd2 33. Rd6 Ne6 34. Rdxe6 1/2-1/2

[Event "Torredembarra op 23rd"]
[Site "Torredembarra"]
[Date "2023.07.08"]
[Round "8"]
[White "Jimenez Munoz, Nicolas"]
[Black "Ano Pla, Gerard"]
[Result "0-1"]
[WhiteElo "2204"]
[BlackElo "2179"]
[PlyCount "60"]
[EventDate "2023.07.01"]
[EventType "swiss"]
[EventRounds "9"]
[EventCountry "ESP"]
[SourceTitle "CBM 215 Extra"]
[Source "ChessBase"]
[SourceDate "2023.09.30"]
[SourceVersion "1"]
[SourceVersionDate "2023.09.30"]
[SourceQuality "1"]

1. e4 c6 2. d4 g6 3. c4 d5 4. e5 Bg7 5. Nc3 Nh6 6. h3 Be6 7. cxd5 Bxd5 8. Nxd5 Qxd5 9. Nf3 0-0 10. b3 Nf5 11. Bc4 Qe4+ 12. Qe2 Qxe2+ 13. Kxe2 Rd8 14. Bb2 e6 15. Rhd1 h6 16. a4 Nd7 17. g4 Ne7 18. Ba3 Bf8 19. Nd2 Nd5 20. Bxd5 exd5 21. Bxf8 Nxf8 22. b4 Ne6 23. Ke3 g5 24. Nb3 Re8 25. Nc1 f6 26. Nd3 fxe5 27. Nxe5 a5 28. Rdb1 axb4 29. Rxb4 c5 30. Rb5 Nxd4 0-1

[Event "ESP-ch U18"]
[Site "Salobrena"]
[Date "2022.08.06"]
[Round "9"]
[White "Jimenez Munoz, Nicolas"]
[Black "Diaz Mino, Daniel"]
[Result "1/2-1/2"]
[WhiteElo "1975"]
[BlackElo "2151"]
[PlyCount "90"]
[EventDate "2022.08.01"]
[EventType "swiss"]
[EventRounds "9"]
[EventCountry "ESP"]
[SourceTitle "EXT 2023"]
[Source "ChessBase"]
[SourceDate "2022.10.05"]
[SourceVersion "1"]
[SourceVersionDate "2022.10.05"]
[SourceQuality "1"]

1. e4 c5 2. Nf3 d6 3. Bb5+ Nd7 4. a4 Ngf6 5. Nc3 g6 6. a5 Bg7 7. 0-0 0-0 8. Re1 e6 9. d4 Qc7 10. dxc5 dxc5 11. Qe2 a6 12. e5 Nd5 13. Bxd7 Nxc3 14. bxc3 Bxd7 15. Qc4 Bb5 16. Qh4 Bc6 17. Bh6 Bxf3 18. Bxg7 Kxg7 19. Qf6+ Kg8 20. gxf3 Rad8 21. Red1 Rxd1+ 22. Rxd1 Qxa5 23. h4 h5 24. c4 Qc3 25. Rd8 Qxc2 26. Rxf8+ Kxf8 27. Qh8+ Ke7 28. Qf6+ Ke8 29. Qh8+ Kd7 30. Qf8 Qd1+ 31. Kg2 Kc6 32. Qxf7 Qd7 33. Qxg6 b5 34. cxb5+ axb5 35. f4 Qd5+ 36. Kg1 c4 37. f5 c3 38. fxe6 Qd1+ 39. Kh2 Qg4 40. Qe8+ Kc5 41. Qf8+ Kc4 42. e7 Qxh4+ 43. Kg2 Qg4+ 44. Kh2 Qh4+ 45. Kg2 Qg4+ 1/2-1/2

[Event "Sitges op 46th"]
[Site "Sitges"]
[Date "2022.07.28"]
[Round "7"]
[White "Torrents Busquet, Marti"]
[Black "Jimenez Munoz, Nicolas"]
[Result "1/2-1/2"]
[WhiteElo "1936"]
[BlackElo "1975"]
[PlyCount "60"]
[EventDate "2022.07.22"]
[EventType "swiss"]
[EventRounds "9"]
[EventCountry "ESP"]
[SourceTitle "CBM 209 Extra"]
[Source "ChessBase"]
[SourceDate "2022.09.30"]
[SourceVersion "1"]
[SourceVersionDate "2022.09.30"]
[SourceQuality "1"]

1. e4 c5 2. Nf3 Nc6 3. Bb5 g6 4. 0-0 Bg7 5. Bxc6 dxc6 6. Qe2 e5 7. d3 f6 8. c3 Nh6 9. Rd1 Nf7 10. d4 cxd4 11. cxd4 exd4 12. Nxd4 Qe7 13. Nc3 0-0 14. Be3 Be6 15. Nxe6 Qxe6 16. Rd2 b6 17. Rad1 Rfd8 18. Rxd8+ Rxd8 19. Rxd8+ Nxd8 20. Qd2 Nb7 21. f3 Bf8 22. Qd3 Nd6 23. b3 f5 24. exf5 Nxf5 25. Bf2 Qe5 26. g4 Nd6 27. Bg3 Qe7 28. Kg2 Nb7 29. Ne4 Nc5 30. Nxc5 Qxc5 1/2-1/2

[Event "Catalunya-ch U18/20"]
[Site "Salou"]
[Date "2021.03.27"]
[Round "1"]
[White "Jimenez Munoz, Nicolas"]
[Black "Pino Jacomet, Arnau"]
[Result "1-0"]
[WhiteElo "2083"]
[BlackElo "1493"]
[PlyCount "35"]
[EventDate "2021.03.27"]
[EventType "swiss"]
[EventRounds "9"]
[EventCountry "ESP"]
[SourceTitle "CBM 202 Extra"]
[Source "ChessBase"]
[SourceDate "2021.07.31"]
[SourceVersion "1"]
[SourceVersionDate "2021.07.31"]
[SourceQuality "1"]

1. c4 e6 2. e4 c5 3. Nc3 Nc6 4. g3 Be7 5. Bg2 e5 6. Nge2 Bd6 7. 0-0 Nge7 8. d3 Bc7 9. f4 d6 10. f5 f6 11. Nd5 Nd4 12. Nxd4 exd4 13. Qh5+ Kf8 14. Nxf6 Nxf5 15. Ng4 g6 16. Qh6+ Kg8 17. exf5 Bxf5 18. Bd5+ 1-0

[Event "Sant Andreu U14"]
[Site "Barcelona"]
[Date "2019.10.26"]
[Round "6"]
[White "Gonzalez Cobos, Arnau"]
[Black "Jimenez Munoz, Nicolas"]
[Result "0-1"]
[WhiteElo "1770"]
[BlackElo "1940"]
[PlyCount "104"]
[EventDate "2019.09.14"]
[EventType "tourn"]
[EventRounds "9"]
[EventCountry "ESP"]
[SourceTitle "CBM 195 Extra"]
[Source "ChessBase"]
[SourceDate "2020.05.31"]
[SourceVersion "1"]
[SourceVersionDate "2020.05.31"]
[SourceQuality "1"]

1. e4 c5 2. Nf3 d6 3. Bb5+ Nd7 4. Ba4 Ngf6 5. 0-0 e5 6. Re1 a6 7. c3 b5 8. Bc2 Be7 9. d4 0-0 10. Be3 Qc7 11. Nbd2 Bb7 12. Rc1 Ng4 13. Nf1 Rac8 14. Ng3 Nxe3 15. fxe3 g6 16. h4 h5 17. Nh1 Qd8 18. g3 Bf6 19. d5 Bg7 20. Nf2 Nf6 21. Qe2 Bh6 22. Nh3 Ng4 23. Nhg5 Rc7 24. Qd2 Bc8 25. Rcd1 Re7 26. Kg2 c4 27. Re2 Qd7 28. Rf1 Rfe8 29. Ng1 Bxg5 30. hxg5 Rf8 31. Qd1 f6 32. gxf6 Rxf6 33. Rxf6 Nxf6 34. Rf2 Rf7 35. Qe2 Ng4 36. Rxf7 Qxf7 37. Qf3 Qa7 38. Ne2 Nxe3+ 39. Kh1 Nxc2 40. Qf6 Qf7 41. Qxd6 Qf3+ 42. Kg1 Qe3+ 43. Kh1 Qxe4+ 44. Kg1 Ne3 45. Qd8+ Kg7 46. Qe7+ Kh6 47. Qf8+ Kg5 48. Qd8+ Kg4 49. Qxc8+ Kf3 50. Qf8+ Nf5 51. d6 Qxe2 52. Qa8+ e4 0-1

[Event "Sant Andreu U14"]
[Site "Barcelona"]
[Date "2019.10.05"]
[Round "3"]
[White "Jimenez Munoz, Nicolas"]
[Black "Castro Estrella, Joan Gabriel"]
[Result "1-0"]
[WhiteElo "1940"]
[BlackElo "1663"]
[PlyCount "109"]
[EventDate "2019.09.14"]
[EventType "tourn"]
[EventRounds "9"]
[EventCountry "ESP"]
[SourceTitle "CBM 195 Extra"]
[Source "ChessBase"]
[SourceDate "2020.05.31"]
[SourceVersion "1"]
[SourceVersionDate "2020.05.31"]
[SourceQuality "1"]

1. c4 Nf6 2. Nc3 g6 3. g3 Bg7 4. Bg2 0-0 5. e4 d6 6. Nge2 Nbd7 7. 0-0 e5 8. d3 Ne8 9. Be3 f5 10. Qd2 c6 11. d4 Qe7 12. f4 fxe4 13. Nxe4 Ndf6 14. N2c3 Nxe4 15. Nxe4 Nf6 16. Nxd6 exd4 17. Nxc8 Qxe3+ 18. Qxe3 dxe3 19. Nd6 Rab8 20. Rfe1 Ne8 21. Rad1 Nxd6 22. Rxd6 Rbd8 23. Rxd8 Rxd8 24. Kf1 Bxb2 25. Rxe3 Rd7 26. Ke2 Bd4 27. Re4 c5 28. Bh3 Rc7 29. Be6+ Kf8 30. Bd5 b6 31. Kf3 Bg7 32. Kg4 Bf6 33. Re6 h5+ 34. Kf3 Kg7 35. h3 Re7 36. Rd6 g5 37. fxg5 Bxg5 38. Be6 Bf6 39. Kf4 Kg6 40. h4 Re8 41. Bf5+ Kf7 42. Rd5 Re7 43. Be4 Bc3 44. Rxh5 Bd2+ 45. Kf5 Kg7 46. g4 Bc3 47. g5 Re5+ 48. Kf4 Kf8 49. Rh8+ Ke7 50. Rh7+ Ke6 51. g6 Kd6 52. g7 Re8 53. Bd5 Bxg7 54. Rxg7 Rh8 55. Kg5 1-0

[Event "Barcelona 150 aniversity 1"]
[Site "Barcelona"]
[Date "2019.06.07"]
[Round "7.4"]
[White "Bernat, Ernest"]
[Black "Jimenez Munoz, Nicolas"]
[Result "1/2-1/2"]
[WhiteElo "1824"]
[BlackElo "2007"]
[PlyCount "129"]
[EventDate "2019.04.26"]
[EventType "swiss"]
[EventRounds "9"]
[EventCountry "ESP"]
[SourceTitle "EXT 2024"]
[Source "ChessBase"]
[SourceDate "2023.10.10"]
[SourceVersion "1"]
[SourceVersionDate "2023.10.10"]
[SourceQuality "1"]

1. e4 c5 2. c3 d6 3. d4 Nf6 4. dxc5 Nc6 5. Qc2 dxc5 6. Nf3 Qc7 7. h3 e5 8. Bc4 Be7 9. Nbd2 0-0 10. Nf1 Na5 11. Be2 b6 12. Ng3 Bb7 13. 0-0 Rad8 14. Be3 Rd7 15. Bb5 Nc6 16. Rfd1 Rfd8 17. Rxd7 Rxd7 18. Qa4 Rd8 19. Rd1 Rxd1+ 20. Qxd1 a6 21. Be2 Nb8 22. Qc2 Nbd7 23. Nd2 b5 24. b3 Nf8 25. Nf5 Ne6 26. g3 Bf8 27. Bf1 Ne8 28. Kh2 Nd6 29. Nxd6 Qxd6 30. Qd3 Qc6 31. Bg2 Bd6 32. Qf1 f6 33. Bf3 Kf7 34. Bg4 Qe8 35. Qd1 Qe7 36. Bxe6+ Qxe6 37. Qh5+ Kg8 38. Qg4 Qe8 39. c4 Bc8 40. Qf3 Be6 41. g4 Qd7 42. Qe2 Be7 43. f3 g6 44. Qf1 Kh8 45. Kh1 f5 46. Qc1 Qd3 47. exf5 gxf5 48. Qe1 fxg4 49. hxg4 bxc4 50. bxc4 Kg8 51. Bh6 Bd6 52. Qe3 Qg6 53. Qg5 Kf7 54. Qxg6+ hxg6 55. Be3 Ke7 56. Kg2 Kd7 57. Kf2 Kc6 58. Ke1 Kb6 59. Kd1 Ka5 60. a3 Be7 61. Kc2 Ka4 62. Kb2 Bf8 63. Ne4 Bxc4 64. Bxc5 Bxc5 65. Nxc5+ 1/2-1/2

[Event "Barcelona 150 aniversity 1"]
[Site "Barcelona"]
[Date "2019.05.17"]
[Round "4.4"]
[White "Jimenez Munoz, Nicolas"]
[Black "Vargas Drechsler, Carlos"]
[Result "1/2-1/2"]
[WhiteElo "2007"]
[BlackElo "1919"]
[PlyCount "113"]
[EventDate "2019.04.26"]
[EventType "swiss"]
[EventRounds "9"]
[EventCountry "ESP"]
[SourceTitle "EXT 2024"]
[Source "ChessBase"]
[SourceDate "2023.10.10"]
[SourceVersion "1"]
[SourceVersionDate "2023.10.10"]
[SourceQuality "1"]

1. e4 c5 2. d4 cxd4 3. c3 Nf6 4. e5 Nd5 5. cxd4 d6 6. Nf3 Nc6 7. Bc4 dxe5 8. dxe5 e6 9. 0-0 Be7 10. Nbd2 0-0 11. Ne4 Nb6 12. Bb3 Qxd1 13. Rxd1 Na5 14. Bc2 Bd7 15. Nd4 Nac4 16. f4 Nd5 17. Bb3 Rac8 18. Kf2 Rfd8 19. g3 Be8 20. Bxc4 Rxc4 21. Be3 Nb4 22. Rd2 Nc6 23. Rad1 Nxd4 24. Rxd4 Rcxd4 25. Rxd4 Rxd4 26. Bxd4 Bc6 27. Bc5 Bxc5+ 28. Nxc5 Kf8 29. Ke3 Ke7 30. Kd4 f6 31. a3 b6 32. Nb3 Kd7 33. Nd2 Bd5 34. Nf1 f5 35. Ne3 Ba2 36. Nc2 a5 37. Ne1 Kc6 38. Nf3 Kb5 39. Nd2 Ka4 40. Kc3 b5 41. Nf3 b4+ 42. axb4 axb4+ 43. Kc2 Bd5 44. Nd4 Ka5 45. Kd3 Kb6 46. b3 Kc5 47. Ke3 h6 48. h4 h5 49. Kd3 Be4+ 50. Ke3 Bd5 51. Kd3 g6 52. Ke3 Kb6 53. Kd3 Ka5 54. Kc2 Ka6 55. Kd2 Kb6 56. Kd3 Kc5 57. Ke3 1/2-1/2

[Event "Barcelona 150 aniversity 1"]
[Site "Barcelona"]
[Date "2019.05.10"]
[Round "3.2"]
[White "Soto Balastegui, Victor"]
[Black "Jimenez Munoz, Nicolas"]
[Result "1/2-1/2"]
[WhiteElo "1746"]
[BlackElo "2007"]
[PlyCount "65"]
[EventDate "2019.04.26"]
[EventType "swiss"]
[EventRounds "9"]
[EventCountry "ESP"]
[SourceTitle "EXT 2024"]
[Source "ChessBase"]
[SourceDate "2023.10.10"]
[SourceVersion "1"]
[SourceVersionDate "2023.10.10"]
[SourceQuality "1"]

1. d4 Nf6 2. Bf4 g6 3. Nd2 Bg7 4. e3 0-0 5. Be2 d6 6. h4 h5 7. Ngf3 Nbd7 8. c3 e6 9. Qc2 Qe7 10. 0-0-0 Ng4 11. Rhf1 b6 12. Bc4 Bb7 13. Bg5 Qe8 14. e4 e5 15. Kb1 Kh8 16. Rde1 a6 17. a3 b5 18. Bd3 Rc8 19. Nb3 Nb6 20. Na5 Ba8 21. Be3 Nd7 22. Ng5 Qd8 23. d5 Ndf6 24. Bd2 c6 25. Nxc6 Bxc6 26. dxc6 Rxc6 27. f3 Nh6 28. Qc1 Nhg8 29. g4 d5 30. exd5 Qxd5 31. Bc2 Rd6 32. Rd1 Qc4 33. Rh1 1/2-1/2

[Event "Barcelona 150 aniversity 1"]
[Site "Barcelona"]
[Date "2019.04.26"]
[Round "1.1"]
[White "Jimenez Munoz, Nicolas"]
[Black "De Azua Arpi, Rafael"]
[Result "1-0"]
[WhiteElo "2007"]
[BlackElo "1942"]
[PlyCount "99"]
[EventDate "2019.04.26"]
[EventType "swiss"]
[EventRounds "9"]
[EventCountry "ESP"]
[SourceTitle "EXT 2024"]
[Source "ChessBase"]
[SourceDate "2023.10.10"]
[SourceVersion "1"]
[SourceVersionDate "2023.10.10"]
[SourceQuality "1"]

1. e4 g6 2. d4 Bg7 3. Nf3 d6 4. Bc4 Nf6 5. Qe2 0-0 6. h3 c6 7. Bb3 e5 8. dxe5 dxe5 9. 0-0 Qc7 10. Nc3 Nbd7 11. Be3 b6 12. Rfd1 Bb7 13. Rd2 b5 14. Rad1 a6 15. a3 Rfe8 16. Qd3 c5 17. Bd5 c4 18. Qe2 h6 19. Bxb7 Qxb7 20. Nh2 Nf8 21. f3 Ne6 22. Ng4 Nxg4 23. hxg4 Nd4 24. Qf2 Re6 25. Ne2 Nc6 26. Rd7 Qc8 27. Bb6 Qe8 28. R1d5 Rb8 29. Bc7 Rc8 30. Bb6 Rb8 31. Bc5 Kh7 32. Be3 g5 33. Ng3 Ne7 34. R5d6 Rxd6 35. Rxd6 Rd8 36. Rxa6 Ng6 37. Nf5 Bf8 38. Qe2 Nf4 39. Bxf4 exf4 40. e5 Qd7 41. Qe4 Qd1+ 42. Kh2 Bc5 43. Ne3+ Kg7 44. Nxd1 Rxd1 45. Qe2 Bg1+ 46. Kh3 Rb1 47. g3 Be3 48. gxf4 Bxf4 49. Kg2 Rc1 50. Rf6 1-0

[Event "Torredembarra op 20th"]
[Site "Torredembarra"]
[Date "2018.07.04"]
[Round "5"]
[White "Castillo Dalmau, Albert"]
[Black "Jimenez Munoz, Nicolas"]
[Result "1-0"]
[WhiteElo "2217"]
[BlackElo "1820"]
[PlyCount "155"]
[EventDate "2018.06.30"]
[EventType "swiss"]
[EventRounds "9"]
[EventCountry "ESP"]
[SourceTitle "CBM 185 Extra"]
[Source "ChessBase"]
[SourceDate "2018.07.29"]
[SourceVersion "1"]
[SourceVersionDate "2018.07.29"]
[SourceQuality "1"]

1. d4 Nf6 2. Nf3 g6 3. g3 Bg7 4. Bg2 0-0 5. c4 d6 6. 0-0 c5 7. Nc3 Nbd7 8. b3 Rb8 9. Bb2 b6 10. Qc2 Bb7 11. d5 a6 12. e4 Qc7 13. Rfe1 Ra8 14. a4 Rfb8 15. h3 Bc8 16. Re2 Ne5 17. Nd2 g5 18. Rf1 Ng6 19. Nf3 h6 20. Ne1 Nh5 21. Nd3 Bd7 22. Ree1 Ne5 23. Nxe5 Bxe5 24. Qe2 Ng7 25. f4 Bd4+ 26. Kh1 f6 27. Kh2 Rf8 28. Qd3 Be8 29. Bc1 Bg6 30. Ne2 b5 31. Nxd4 cxd4 32. axb5 axb5 33. Rf2 bxc4 34. bxc4 Rfc8 35. Rc2 Ra4 36. Bf1 Qc5 37. Bb2 Ra2 38. Rec1 gxf4 39. gxf4 Rb8 40. Bxd4 Qa3 41. Qxa3 Rxa3 42. Bg2 Rd3 43. Bg1 Rbb3 44. c5 dxc5 45. Bxc5 Bh5 46. Bxe7 Kf7 47. Bd6 Ne8 48. Bc5 Bf3 49. Bf1 Bxe4 50. Bxd3 Rxd3 51. d6 Nxd6 52. Bxd6 Rxd6 53. Rf2 Rd3 54. f5 Rd5 55. Rc7+ Ke8 56. Re2 Re5 57. Rh7 Bxf5 58. Rxe5+ fxe5 59. Rxh6 Kf7 60. Rb6 e4 61. Rb3 Bg6 62. Kg3 Bf5 63. h4 Kg7 64. Kf4 Bg6 65. Kg5 Bh7 66. h5 e3 67. Rxe3 Kh8 68. Re7 Bg8 69. Kg6 Bb3 70. Rc7 Ba2 71. Rh7+ Kg8 72. Rb7 Kh8 73. h6 Bd5 74. Re7 Bc4 75. h7 Bd3+ 76. Kh6 Bg6 77. Rd7 Be8 78. Rb7 1-0

[Event "Torredembarra op 20th"]
[Site "Torredembarra"]
[Date "2018.07.02"]
[Round "3"]
[White "Avila Jimenez, Xavier"]
[Black "Jimenez Munoz, Nicolas"]
[Result "1-0"]
[WhiteElo "2235"]
[BlackElo "1820"]
[PlyCount "119"]
[EventDate "2018.06.30"]
[EventType "swiss"]
[EventRounds "9"]
[EventCountry "ESP"]
[SourceTitle "CBM 185 Extra"]
[Source "ChessBase"]
[SourceDate "2018.07.29"]
[SourceVersion "1"]
[SourceVersionDate "2018.07.29"]
[SourceQuality "1"]

1. d4 Nf6 2. Bg5 d5 3. e3 c6 4. Nd2 g6 5. Bxf6 exf6 6. g3 Bg7 7. Bg2 f5 8. Ne2 Be6 9. Nf4 Nd7 10. c4 Nb6 11. c5 Nd7 12. b4 a5 13. a3 axb4 14. axb4 0-0 15. 0-0 Qc7 16. Qc2 Nf6 17. Ra2 Rfb8 18. Rfa1 Qc8 19. Ra7 Rxa7 20. Rxa7 Ne4 21. Nb3 Bf6 22. f3 Ra8 23. Rxa8 Qxa8 24. fxe4 fxe4 25. Na5 Bd8 26. Nxe6 fxe6 27. Bh3 Bxa5 28. Bxe6+ Kg7 29. bxa5 Qxa5 30. Qf2 Qc7 31. Qf4 Qe7 32. Qe5+ Kh6 33. h4 Qe8 34. Kg2 Qa8 35. Kh3 Qf8 36. Qf4+ Qxf4 37. gxf4 Kh5 38. Bg4+ Kh6 39. Bc8 Kh5 40. Bxb7 g5 41. hxg5 h6 42. gxh6 Kxh6 43. Bxc6 Kg7 44. Bxd5 Kf6 45. Bxe4 Ke7 46. d5 Kd7 47. Bf5+ Kc7 48. d6+ Kc6 49. e4 Kb7 50. Bd7 Ka6 51. f5 Ka5 52. f6 Kb4 53. c6 Kc5 54. c7 Kxd6 55. c8Q Ke5 56. f7 Kf6 57. f8Q+ Kg6 58. Bf5+ Kh5 59. Bg4+ Kg6 60. Qcf5# 1-0

[Event "Barcelona Tres Peons-B 45th"]
[Site "Barcelona"]
[Date "2016.06.10"]
[Round "9.3"]
[White "De Azua Arpi, Rafael"]
[Black "Jimenez Munoz, Nicolas"]
[Result "1-0"]
[WhiteElo "1920"]
[BlackElo "1479"]
[PlyCount "109"]
[EventDate "2016.04.15"]
[EventType "swiss"]
[EventRounds "9"]
[EventCountry "ESP"]
[SourceTitle "EXT 2024"]
[Source "ChessBase"]
[SourceDate "2023.10.10"]
[SourceVersion "1"]
[SourceVersionDate "2023.10.10"]
[SourceQuality "1"]

1. d4 Nf6 2. Nf3 c5 3. e3 d5 4. c4 Nc6 5. cxd5 Qxd5 6. Nc3 Qd8 7. Bb5 Bd7 8. 0-0 e6 9. Qe2 a6 10. Bd3 Be7 11. Rd1 Nb4 12. Bb1 0-0 13. e4 cxd4 14. Nxd4 e5 15. Nf5 Qe8 16. Nxe7+ Qxe7 17. Bg5 Rad8 18. a3 Nc6 19. Nd5 Qe6 20. Ba2 Nxd5 21. exd5 Nd4 22. Rxd4 Qg6 23. Bxd8 exd4 24. Be7 Re8 25. d6 Qxd6 26. Bxd6 Rxe2 27. b4 d3 28. Bc4 Rc2 29. Bxd3 Rd2 30. Be4 Rxd6 31. Bxb7 Rb6 32. Be4 g6 33. f3 Kf8 34. Rc1 Ke7 35. Kf2 Kd6 36. Ke3 f5 37. Bd3 a5 38. bxa5 Rb3 39. Kd4 Rxa3 40. a6 Ra4+ 41. Ke3 Ra3 42. Rb1 Kc6 43. Kd4 Bc8 44. Rc1+ Kd7 45. Bb5+ Kd8 46. Rc6 Ra2 47. Kc5 Bxa6 48. Rxa6 Rxa6 49. Bxa6 Ke7 50. Kd5 Kf6 51. Bd3 h6 52. g3 Kg5 53. Ke5 Kh5 54. Kf4 g5+ 55. Kxf5 1-0